<?xml version="1.0" encoding="UTF-8"?>
<record
    xmlns:xsi="http://www.w3.org/2001/XMLSchema-instance"
    xsi:schemaLocation="http://www.loc.gov/MARC21/slim http://www.loc.gov/standards/marcxml/schema/MARC21slim.xsd"
    xmlns="http://www.loc.gov/MARC21/slim">

  <leader>02929nam a2200385 a 4500</leader>
  <controlfield tag="001">000045607</controlfield>
  <controlfield tag="005">20201002052337.0</controlfield>
  <controlfield tag="008">150211s20uu    dr abc        000 0 spa d</controlfield>
  <datafield tag="020" ind1=" " ind2=" ">
    <subfield code="z">9789945444026 (v. 1)</subfield>
  </datafield>
  <datafield tag="020" ind1=" " ind2=" ">
    <subfield code="z">9789945400975 (v. 2)</subfield>
  </datafield>
  <datafield tag="020" ind1=" " ind2=" ">
    <subfield code="a">9789945400533 (v.3)</subfield>
  </datafield>
  <datafield tag="020" ind1=" " ind2=" ">
    <subfield code="a">9945400983 (v.4)</subfield>
  </datafield>
  <datafield tag="020" ind1=" " ind2=" ">
    <subfield code="z">978994540055X (v.5)</subfield>
  </datafield>
  <datafield tag="020" ind1=" " ind2=" ">
    <subfield code="z">9789945400568 (v.6)</subfield>
  </datafield>
  <datafield tag="020" ind1=" " ind2=" ">
    <subfield code="z">9789945400576 (v.7)</subfield>
  </datafield>
  <datafield tag="040" ind1=" " ind2=" ">
    <subfield code="a">DO-SdBNP</subfield>
    <subfield code="b">spa</subfield>
    <subfield code="c">BNPHU</subfield>
  </datafield>
  <datafield tag="082" ind1=" " ind2=" ">
    <subfield code="a">xxxx</subfield>
    <subfield code="b">xxxx</subfield>
  </datafield>
  <datafield tag="245" ind1="0" ind2="0">
    <subfield code="a">Art&#xED;stica / :</subfield>
    <subfield code="b">educaci&#xF3;n b&#xE1;sica /</subfield>
    <subfield code="c">Luisa A. Mateo Dicl&#xF3;... [et al.]. ; producci&#xF3;n editorial Mar&#xED;a del Jes&#xFA;s de la Rosa ; ilustraciones Orlando Mart&#xED;nez, Ram&#xF3;n Sandoval.</subfield>
  </datafield>
  <datafield tag="260" ind1=" " ind2=" ">
    <subfield code="a">Santo Domingo :</subfield>
    <subfield code="b">Actualidad Escolar 2000,</subfield>
    <subfield code="c">[20uu]</subfield>
    <subfield code="f">Serigraf</subfield>
  </datafield>
  <datafield tag="300" ind1=" " ind2=" ">
    <subfield code="a">v. :</subfield>
    <subfield code="b">il., mapas, retrs. ;</subfield>
    <subfield code="c">22 cm.</subfield>
  </datafield>
  <datafield tag="500" ind1=" " ind2=" ">
    <subfield code="a">La biblioteca solamente posee de los volumenes 1, 2, 3, 4 y 7 el libro del maestro y de los volumenes 5 y 6 de los libros de texto.</subfield>
  </datafield>
  <datafield tag="500" ind1=" " ind2=" ">
    <subfield code="a">Educaci&#xF3;n b&#xE1;sica</subfield>
  </datafield>
  <datafield tag="504" ind1=" " ind2=" ">
    <subfield code="a">Bibliograf&#xED;a</subfield>
  </datafield>
  <datafield tag="505" ind1="0" ind2=" ">
    <subfield code="a">v. 1 :</subfield>
    <subfield code="t">Conoce la educaci&#xF3;n art&#xED;stica --</subfield>
    <subfield code="t">Me conozco --</subfield>
    <subfield code="t">La exploraci&#xF3;n --</subfield>
    <subfield code="t">La observaci&#xF3;n --</subfield>
    <subfield code="t">La expresi&#xF3;n art&#xED;stica --</subfield>
    <subfield code="t">Las artes y sus formas --</subfield>
    <subfield code="t">Las artes y la cultura --</subfield>
    <subfield code="t">Valorando la historia nacional --</subfield>
  </datafield>
  <datafield tag="505" ind1="0" ind2=" ">
    <subfield code="a">v. 2 :</subfield>
    <subfield code="t">La educaci&#xF3;n art&#xED;stica --</subfield>
    <subfield code="t">Me conozco --</subfield>
    <subfield code="t">La exploraci&#xF3;n --</subfield>
    <subfield code="t">La expresi&#xF3;n art&#xED;stica --</subfield>
    <subfield code="t">Las artes y sus formas --</subfield>
    <subfield code="t">Arte, cultura e historia --</subfield>
  </datafield>
  <datafield tag="505" ind1="0" ind2=" ">
    <subfield code="a">v .3 :</subfield>
    <subfield code="t">La educaci&#xF3;n art&#xED;stica --</subfield>
    <subfield code="t">Me conozco --</subfield>
    <subfield code="t">La exploraci&#xF3;n y la observaci&#xF3;n --</subfield>
    <subfield code="t">La expresi&#xF3;n art&#xED;stica --</subfield>
    <subfield code="t">Las artes y sus formas --</subfield>
    <subfield code="t">Jugando a la cultura --</subfield>
    <subfield code="t">Valorando la historia nacional /</subfield>
    <subfield code="r">Luisa A. Mateo Dicl&#xF3; --</subfield>
    <subfield code="r">Covadonga Gonz&#xE1;lez --</subfield>
    <subfield code="g">v. 4 :</subfield>
    <subfield code="t">La educaci&#xF3;n art&#xED;stica --</subfield>
    <subfield code="t">Me conozco --</subfield>
    <subfield code="t">La exploraci&#xF3;n y la observaci&#xF3;n --</subfield>
    <subfield code="t">La expresi&#xF3;n art&#xED;stica --</subfield>
    <subfield code="t">Las artes y sus formas --</subfield>
    <subfield code="t">El arte y la cultura --</subfield>
    <subfield code="t">Valorando la historia nacional /</subfield>
    <subfield code="r">Luisa A. Mateo Dicl&#xF3; --</subfield>
    <subfield code="r">Mercedes Hern&#xE1;ndez de P&#xE9;rez --</subfield>
    <subfield code="g">v. 5 :</subfield>
    <subfield code="t">La educaci&#xF3;n art&#xED;stica --</subfield>
    <subfield code="t">Me conozco --</subfield>
    <subfield code="t">La exploraci&#xF3;n y observaci&#xF3;n --</subfield>
    <subfield code="t">La expressi&#xF3;n art&#xED;stica --</subfield>
    <subfield code="t">El arte y sus formas --</subfield>
    <subfield code="t">El arte, la cultura y la historia /</subfield>
    <subfield code="r">Omar Gil Bueno --</subfield>
    <subfield code="r">Luisa A. Mateo Dicl&#xF3; --</subfield>
    <subfield code="g">v. 6 :</subfield>
    <subfield code="t">La educaci&#xF3;n art&#xED;stica --</subfield>
    <subfield code="t">La exploraci&#xF3;n y observaci&#xF3;n --</subfield>
    <subfield code="t">El arte y sus formas --</subfield>
    <subfield code="t">Las artes y la cultura /</subfield>
    <subfield code="r">Alba Pe&#xF1;a Echezuria --</subfield>
    <subfield code="r">Luisa A. Mateo Dicl&#xF3; --</subfield>
    <subfield code="g">v. 7 :</subfield>
    <subfield code="t">La educaci&#xF3;n art&#xED;stica --</subfield>
    <subfield code="t">La exploraci&#xF3;n y la observaci&#xF3;n --</subfield>
    <subfield code="t">Expresi&#xF3;n y creaci&#xF3;n art&#xED;stica --</subfield>
    <subfield code="t">El arte y sus formas --</subfield>
    <subfield code="t">El arte y la cultura /</subfield>
    <subfield code="r">Marianella Az&#xF3;car --</subfield>
    <subfield code="r">Luisa A. Mateo Dicl&#xF3; --</subfield>
  </datafield>
  <datafield tag="700" ind1="1" ind2=" ">
    <subfield code="a">Pe&#xF1;a Echezuria, Alba</subfield>
    <subfield code="9">73674</subfield>
  </datafield>
  <datafield tag="700" ind1="1" ind2=" ">
    <subfield code="a">Gil Bueno, Omar</subfield>
    <subfield code="9">73246</subfield>
  </datafield>
  <datafield tag="700" ind1="1" ind2=" ">
    <subfield code="a">Az&#xF3;car, Marianella</subfield>
    <subfield code="9">73247</subfield>
  </datafield>
  <datafield tag="700" ind1="1" ind2=" ">
    <subfield code="a">Mateo Dicl&#xF3;, Luisa A.</subfield>
    <subfield code="9">73244</subfield>
  </datafield>
  <datafield tag="700" ind1="1" ind2=" ">
    <subfield code="a">Del Jes&#xFA;s de la Rosa, Mar&#xED;a</subfield>
    <subfield code="e">prod. ed.</subfield>
    <subfield code="9">73675</subfield>
  </datafield>
  <datafield tag="700" ind1="1" ind2=" ">
    <subfield code="a">Gonz&#xE1;lez, Covadonga</subfield>
    <subfield code="9">73676</subfield>
  </datafield>
  <datafield tag="700" ind1="1" ind2=" ">
    <subfield code="a">Mart&#xED;nez, Orlando</subfield>
    <subfield code="e">il.</subfield>
    <subfield code="9">73677</subfield>
  </datafield>
  <datafield tag="700" ind1="1" ind2=" ">
    <subfield code="a">Sandoval, Ram&#xF3;n</subfield>
    <subfield code="e">il.</subfield>
    <subfield code="9">10955</subfield>
  </datafield>
  <datafield tag="952" ind1=" " ind2=" ">
    <subfield code="0">0</subfield>
    <subfield code="1">0</subfield>
    <subfield code="7">1</subfield>
    <subfield code="8">PD</subfield>
    <subfield code="a">PD</subfield>
    <subfield code="b">PD</subfield>
    <subfield code="c">HD</subfield>
    <subfield code="d">2015-04-16</subfield>
    <subfield code="i">LF1</subfield>
    <subfield code="l">0</subfield>
    <subfield code="o">xxxx xxxx</subfield>
    <subfield code="p">45607-10</subfield>
    <subfield code="r">2020-06-25</subfield>
    <subfield code="w">2020-06-25</subfield>
    <subfield code="y">LFPD</subfield>
    <subfield code="Z">No se presta</subfield>
  </datafield>
  <datafield tag="999" ind1=" " ind2=" ">
    <subfield code="c">45096</subfield>
    <subfield code="d">45096</subfield>
  </datafield>
</record>
